Educación por el arte

Gespeichert in:
Bibliographische Detailangaben
1. Verfasser: Read, Herbert Edward (VerfasserIn)
Format: Buch
Sprache:Spanisch
Veröffentlicht: Buenos Aires Paidós 1973
Ausgabe:5a. ed
Schlagworte:
Tags: Tag hinzufügen
Keine Tags, Fügen Sie den ersten Tag hinzu!

MARC

LEADER 00000nam a2200000 a 4500
001 UCN0913
003 CL-VaPUC
008 010406e19730000AG |||||||||||||||||spa|d
082 0 4 |a 701.15  |b REA  |2 21 
100 0 |a Read, Herbert Edward  |e author  |9 456280 
245 1 0 |a Educación por el arte 
250 |a 5a. ed 
300 |a 298 p 
942 |c BK 
945 |d 20010406 00:00:00  |a crobeson 
260 |a Buenos Aires  |b Paidós  |c 1973 
650 0 |a Psicología del arte  |9 265264 
650 0 |a Filosofía del arte  |9 264951 
650 0 |a Arte infantil   |9 265265 
650 0 |a Aspectos psicológicos  |9 258128 
583 |a last modification  |c 20010406 00:00:00  |k Rodrigo Vera 
999 |c 294525  |d 294523